00355nam a2200145 a 45000010005000000030009000050080041000140400028000550820018000831000021001012450027001222600031001493000010001806500019001901154CO-ViMGA141112s2004 ck r 000 u spa d aCO-ViMGAbspacCO-ViMGA04a823.912 C474s1 aChristie, Agatha10aEl secreto de Chimmeys aMexico : bPlaneta, c1994 a206 p14aNOVELA INGLESA